000
00207 a2200097 4500
001
35138
100
_a
N A S
245
_a
Malumaate Pakistan
260
_a
Lahore
_b
Maqbool Academy
_c
090
_c
23282
_d
23282
942
_a
NUST-CAE
_c
M
_c
14761
999
_c
270211
_d
270211